Central Library OPAC University of Rajshahi

On human nature : (Record no. 56473)

MARC details
000 -LEADER
fixed length control field 00722nam a2200217 a 4500
001 - CONTROL NUMBER
control field 56473
003 - CONTROL NUMBER IDENTIFIER
rucl marc code BD-RjUL
005 - DATE AND TIME OF LATEST TRANSACTION
control field 20211209080412.0
008 - FIXED-LENGTH DATA ELEMENTS--GENERAL INFORMATION
fixed length control field 161129r19021957enk||||| |||| 00| 0 eng d
035 ## - SYSTEM CONTROL NUMBER
System control number (BD-RjUL)56597
040 ## - CATALOGING SOURCE
Original cataloging agency BD-RjUL
Language of cataloging eng
Transcribing agency BD-RjUL
041 ## - LANGUAGE CODE
Language code of text/sound track or separate title eng
082 ## - DEWEY DECIMAL CLASSIFICATION NUMBER
Edition number 23
Classification number 170
Author mark and year SCO 1957
100 1# - MAIN ENTRY--PERSONAL NAME
Personal name Schopenhauer, Arthur
9 (RLIN) 167968
245 10 - TITLE STATEMENT
Title On human nature :
Remainder of title essays, partly posthumous, in ethics and politics /
Statement of responsibility, etc. Arthur Schopenhauer, Selected and Translated by Thomas bailey Saunders
260 ## - PUBLICATION, DISTRIBUTION, ETC. (IMPRINT)
Place of publication, distribution, etc. London :
Name of publisher, distributor, etc. Allen & Unwin
Date of publication, distribution, etc. 1897 [Reprinted 1957]
300 ## - PHYSICAL DESCRIPTION
Pagination 132 p. ;
Size 19 cm
650 ## - SUBJECT ADDED ENTRY--TOPICAL TERM
Topical term or geographic name as entry element Ethics
General subdivision Political science
9 (RLIN) 167969
700 ## - ADDED ENTRY--PERSONAL NAME
Personal name Saunders, Thomas bailey
942 ## - ADDED ENTRY ELEMENTS (KOHA)
Source of classification or shelving scheme Dewey Decimal Classification
Koha item type Books
Holdings
Lost status Source of classification or shelving scheme Damaged status Not for loan Collection code Permanent Location Current Location Shelving location Date acquired Source of acquisition Cost, normal purchase price Total Checkouts Full call number Date last seen Copy number Koha item type Date checked out
  Dewey Decimal Classification   Not For Loan Non-fiction Central Library, University of Rajshahi Central Library, University of Rajshahi   08/04/1987 Zeitlinger 10.00   170 SCO 1957 29/11/2016 C-1 Books  
  Dewey Decimal Classification     Non-fiction Central Library, University of Rajshahi Central Library, University of Rajshahi     Zeitlinger 10.10 1 170 SCO 1957 28/10/2018 C-2 Books 21/10/2018